• 首页
  • 本馆介绍
  • 公告通知
  • 最新文献
  • 馆藏检索
  • 电子资源
  • 读者导购
  • 参考咨询
  • 我的图书馆
  • 登录
  • 详细信息显示
  • 放入我的书架
  • 预约/预借图书
  • 作者相关作品
  • 分类相关作品
  • 丛书相关作品
  • 出版社相关作品

书目信息

  • 表格格式
  • 工作单格式
  • 卡片格式
题名:
MBA提前面试七步通关
    
 
作者: 刘令涛 编著
分册:  
出版信息: 北京   北京航空航天大学出版社  2019
页数: 126页
开本: 24cm
丛书名:
单 册:
中图分类: F203.9
科图分类:
主题词: 工商行政管理--gong shang xing zheng guan li--研究生--入学考试--自学参考资料
电子资源:
ISBN: 978-7-5124-2984-0
000 01039nam0 2200229 450
001 2362567754
005 20230929172308.84
010    @a978-7-5124-2984-0@dCNY39.80
100    @a20190613d2019 em y0chiy50 ea
101 0  @achi
102    @aCN@b110000
105    @aa z 000yy
200 1  @aMBA提前面试七步通关@AMBA ti qian mian shi qi bu tong guan@f刘令涛编著
210    @a北京@c北京航空航天大学出版社@d2019
215    @a126页@c图@d24cm
314    @a刘令涛,10年MBA考试辅导经验,曾任教育上市公司教研经理、教学总监、校长,亚洲教育设施设计与技术2015高峰论坛首席演讲嘉宾。
330    @a本书总结出了院校提前面试的一般规律、各种情境的应对策略,并提出提前面试的七个关键节点(材料过关、个面过关、组面过关、听力过关、口语过关、礼仪过关、状态过关)的方法论;同时,还提供了“职业生活个性特征20问”“百分制量化择校测评“系统。
606 0  @a工商行政管理@Agong shang xing zheng guan li@x研究生@x入学考试@j自学参考资料
690    @aF203.9@v5
701  0 @a刘令涛@Aliu ling tao@4编著
801  0 @aCN@b山东中教@c20230928
905    @aBZT@dF203.9@e42
    
    MBA提前面试七步通关/刘令涛编著.-北京:北京航空航天大学出版社,2019
    126页:图;24cm
    
    
    ISBN 978-7-5124-2984-0:CNY39.80
    本书总结出了院校提前面试的一般规律、各种情境的应对策略,并提出提前面试的七个关键节点(材料过关、个面过关、组面过关、听力过关、口语过关、礼仪过关、状态过关)的方法论;同时,还提供了“职业生活个性特征20问”“百分制量化择校测评“系统。
●
相关链接 在五车中查询图书 在当当中查询图书 在豆瓣中查询图书


正题名:MBA提前面试七步通关     索取号:F203.9/42         预约/预借

序号 登录号 条形码 馆藏地/架位号 状态 备注
1 2000974895   2000974895   第四书库/四5架B面4层2列/ [索取号:F203.9/42] 在馆    
2 2000974896   2000974896   第四书库/四5架B面4层2列/ [索取号:F203.9/42] 在馆    
3 2000974897   2000974897   第四书库/四5架B面4层2列/ [索取号:F203.9/42] 在馆    
4 2000974898   2000974898   第四书库/四5架B面4层2列/ [索取号:F203.9/42] 在馆    
5 2000974899   2000974899   第四书库/四5架B面4层2列/ [索取号:F203.9/42] 在馆    
6 2000974900   2000974900   第四书库/四5架B面4层2列/ [索取号:F203.9/42] 在馆    
山东省滨州职业学院图书馆 欢迎您!
大连网信软件有限公司© 版权所有